Сведения об инспекторах народных училищ по Оренбургскому учебному округу

Доступно только в Электронных читальных залах Найти на картеНа карте
RUSMARC
00003689nmc2a22002413x 450
001e8535988-807e-4c3f-b89f-7c50a66f403f
00520201016165346.0
100##$a20200312l19101912k l0rusy0189 ca
1010#$arus
102##$aRU
105##$ay###
1222#$ad
2001#$aСведения об инспекторах народных училищ по Оренбургскому учебному округу
$j12 августа 1910 г. - 10 декабря 1912 г.
215##$a89 л.
$d36,5х26 см
251##$cДело
300##$aДело
371##$aДокумент не является опубликованным и широко распространяемым
461#0$1001a74412a3-3cc5-4d21-8f0a-dfe2fbd9e72d
$12001
$aДепартамент народного просвещения Министерства народного просвещения (1803-1917)
$1251
$cФонд
$1852
$j733
462#0$100183b7be38-9039-4a55-aea0-0d9bd5775b1a
$12001
$aДела разряда учительских институтов, семинарий и низших учебных заведений
$1251
$cОпись
$1852
$j177
801#0$aRU
$bРГИА
$c20200312
$gRCR
801#1$aRU
$bГлавНИВЦ
$c20200312
$2rusmarc
801#2$aRU
$bПБ им. Б.Н. Ельцина
$c20201016
$gRCR
$2rusmarc
850##$aРГИА
852##$aРГИА
$eФедеральное казенное учреждение "Российский государственный исторический архив" (РГИА)
$j219
937##$hРГИА
$d12341285
$aASBIBLIO_SCAN
035##$aRusGRCC00002691
856##$uhttp://readingroom.main.prlib.ru/item.aspx?id_node=n148832855&mode=full
Формат отображения